Statistics for Countries in Asia

Click here to take the quiz!

General Stats

  • This quiz has been taken 10 times
  • The average score is 34 of 47

Answer Stats

Country% Correct
India
89%
Myanmar
89%
United Arab Emirates
89%
Turkey
89%
Kazakhstan
89%
South Korea
89%
China
89%
Japan
89%
North Korea
89%
Oman
78%
Nepal
78%
Afghanistan
78%
Pakistan
78%
Qatar
78%
Malaysia
78%
Saudi Arabia
78%
Syria
78%
Thailand
78%
Vietnam
78%
Mongolia
78%
Yemen
78%
Bangladesh
78%
Bhutan
78%
Iraq
78%
Iran
78%
Indonesia
78%
Maldives
67%
Laos
67%
Turkmenistan
67%
Timor-Leste
67%
Tajikistan
67%
Brunei
67%
Sri Lanka
67%
Cambodia
67%
Singapore
67%
Israel
67%
Kuwait
67%
Kyrgyzstan
67%
Armenia
67%
Georgia
56%
Philippines
56%
Taiwan
56%
Bahrain
56%
Uzbekistan
56%
Jordan
44%
Azerbaijan
44%
Lebanon
44%

Score Distribution

Percentile by Number Answered

Percent of People with Each Score

Your Score History

You have not taken this quiz